<?xml version="1.0" encoding="UTF-8"?><record xmlns="http://www.loc.gov/MARC21/slim" xmlns:zs="http://docs.oasis-open.org/ns/search-ws/sruResponse">
  <leader>04383cpcaa2200793 i 4500</leader>
  <controlfield tag="001">5801737</controlfield>
  <controlfield tag="005">20250607224901.5</controlfield>
  <controlfield tag="008">770525||||||||||||                 eng  </controlfield>
  <datafield ind1=" " ind2=" " tag="035">
    <subfield code="a">5801737</subfield>
  </datafield>
  <datafield ind1=" " ind2=" " tag="906">
    <subfield code="a">7</subfield>
    <subfield code="b">cbc</subfield>
    <subfield code="c">orignew</subfield>
    <subfield code="d">u</subfield>
    <subfield code="e">ncip</subfield>
    <subfield code="f">19</subfield>
    <subfield code="g">y-manuscri</subfield>
  </datafield>
  <datafield ind1=" " ind2=" " tag="955">
    <subfield code="a">LCAP batch update 2025-06-02-04:00: LCAPM-893</subfield>
  </datafield>
  <datafield ind1=" " ind2=" " tag="010">
    <subfield code="a">mm 77017756 </subfield>
    <subfield code="b">ms 71001350 </subfield>
  </datafield>
  <datafield ind1="7" ind2=" " tag="024">
    <subfield code="a">MSS17756</subfield>
    <subfield code="q">: Manuscript Division collection ID</subfield>
    <subfield code="2">lcmd</subfield>
  </datafield>
  <datafield ind1=" " ind2=" " tag="035">
    <subfield code="9">(DLC)mm 77017756</subfield>
  </datafield>
  <datafield ind1=" " ind2=" " tag="040">
    <subfield code="a">DLC</subfield>
    <subfield code="b">eng</subfield>
    <subfield code="e">dacs</subfield>
    <subfield code="c">DLC</subfield>
    <subfield code="d">DLC</subfield>
  </datafield>
  <datafield ind1=" " ind2="7" tag="072">
    <subfield code="a">D</subfield>
    <subfield code="2">lcmd</subfield>
  </datafield>
  <datafield ind1=" " ind2=" " tag="090">
    <subfield code="a">0635X</subfield>
  </datafield>
  <datafield ind1=" " ind2=" " tag="090">
    <subfield code="a">Oversize 0115G</subfield>
  </datafield>
  <datafield ind1=" " ind2=" " tag="090">
    <subfield code="a">Oversize 5:20</subfield>
  </datafield>
  <datafield ind1="1" ind2=" " tag="100">
    <subfield code="a">Darrow, Clarence,</subfield>
    <subfield code="d">1857-1938.</subfield>
  </datafield>
  <datafield ind1="0" ind2="0" tag="245">
    <subfield code="a">Clarence Darrow papers,</subfield>
    <subfield code="f">1894-1941</subfield>
    <subfield code="g">(bulk 1910-1935).</subfield>
  </datafield>
  <datafield ind1=" " ind2=" " tag="300">
    <subfield code="a">15,000</subfield>
    <subfield code="f">items.</subfield>
  </datafield>
  <datafield ind1=" " ind2=" " tag="300">
    <subfield code="a">25</subfield>
    <subfield code="f">containers plus</subfield>
    <subfield code="a">3</subfield>
    <subfield code="f">oversize.</subfield>
  </datafield>
  <datafield ind1=" " ind2=" " tag="300">
    <subfield code="a">10</subfield>
    <subfield code="f">linear feet.</subfield>
  </datafield>
  <datafield ind1=" " ind2=" " tag="351">
    <subfield code="a">Arranged in eight series.  Series 1: Correspondence, 1902-1938; Series 2: Subject File, 1900-1935; Series 3: Speech, Article, and Book File, 1898-1935; Series 4: Biography File, 1938-1941; Series 5: Printed Matter, 1894-1940; Series 6: Clippings, 1901-1941; Series 7: Miscellany, 1917-1934; and Series 8: Oversize, 1902-1936.</subfield>
  </datafield>
  <datafield ind1="0" ind2=" " tag="506">
    <subfield code="a">Open to research.</subfield>
  </datafield>
  <datafield ind1="8" ind2=" " tag="520">
    <subfield code="a">Correspondence, writings, legal records, and other papers.  The bulk of the papers are correspondence, notes and printed matter collected by Irving Stone while writing a biography of Darrow and relate primarily to Darrow's literary activities and to his Chicago law practice.  Subjects include capital punishment, evolution, John Thomas Scopes evolution trial, Joseph Conrad, labor, prohibition, religion, and the U.S. Anthracite Coal Strike Commission (1902).  Correspondents include Ruby Darrow, Lillian Gish, Bolton Hall, Frank Harris, John Haynes Holmes, Nathan Freudenthal Leopold, Richard A. Loeb, James B. McNamara, W. Somerset Maugham, Donald R. Richberg, Charles Edward Russell, Walter Francis White, and Brand Whitlock.</subfield>
  </datafield>
  <datafield ind1=" " ind2=" " tag="541">
    <subfield code="c">Gift,</subfield>
    <subfield code="a">Leo Cherne and others,</subfield>
    <subfield code="d">1946-1982.</subfield>
  </datafield>
  <datafield ind1="0" ind2=" " tag="545">
    <subfield code="a">Author, lecturer, lawyer, and reformer.</subfield>
  </datafield>
  <datafield ind1=" " ind2=" " tag="546">
    <subfield code="a">Collection material in English.</subfield>
  </datafield>
  <datafield ind1="8" ind2=" " tag="555">
    <subfield code="a">Finding aid available in the Library of Congress Manuscript Reading Room and at</subfield>
    <subfield code="u">http://hdl.loc.gov/loc.mss/eadmss.ms008099</subfield>
  </datafield>
  <datafield ind1="1" ind2="0" tag="600">
    <subfield code="a">Darrow, Ruby,</subfield>
    <subfield code="d">1869-1957</subfield>
    <subfield code="v">Correspondence.</subfield>
  </datafield>
  <datafield ind1="1" ind2="0" tag="600">
    <subfield code="a">Conrad, Joseph,</subfield>
    <subfield code="d">1857-1924.</subfield>
  </datafield>
  <datafield ind1="1" ind2="0" tag="600">
    <subfield code="a">Gish, Lillian,</subfield>
    <subfield code="d">1893-1993</subfield>
    <subfield code="v">Correspondence.</subfield>
  </datafield>
  <datafield ind1="1" ind2="0" tag="600">
    <subfield code="a">Hall, Bolton,</subfield>
    <subfield code="d">1854-1938</subfield>
    <subfield code="v">Correspondence.</subfield>
  </datafield>
  <datafield ind1="1" ind2="0" tag="600">
    <subfield code="a">Harris, Frank,</subfield>
    <subfield code="d">1856-1931</subfield>
    <subfield code="v">Correspondence.</subfield>
  </datafield>
  <datafield ind1="1" ind2="0" tag="600">
    <subfield code="a">Holmes, John Haynes,</subfield>
    <subfield code="d">1879-1964</subfield>
    <subfield code="v">Correspondence.</subfield>
  </datafield>
  <datafield ind1="1" ind2="0" tag="600">
    <subfield code="a">Leopold, Nathan Freudenthal,</subfield>
    <subfield code="d">1904-1971</subfield>
    <subfield code="v">Correspondence.</subfield>
  </datafield>
  <datafield ind1="1" ind2="0" tag="600">
    <subfield code="a">Loeb, Richard A.,</subfield>
    <subfield code="d">1905-1936</subfield>
    <subfield code="v">Correspondence.</subfield>
  </datafield>
  <datafield ind1="1" ind2="0" tag="600">
    <subfield code="a">McNamara, James B.</subfield>
    <subfield code="q">(James Barnabas),</subfield>
    <subfield code="d">1882-1941</subfield>
    <subfield code="v">Correspondence.</subfield>
  </datafield>
  <datafield ind1="1" ind2="0" tag="600">
    <subfield code="a">Maugham, W. Somerset</subfield>
    <subfield code="q">(William Somerset),</subfield>
    <subfield code="d">1874-1965</subfield>
    <subfield code="v">Correspondence.</subfield>
  </datafield>
  <datafield ind1="1" ind2="0" tag="600">
    <subfield code="a">Richberg, Donald R.</subfield>
    <subfield code="q">(Donald Randall),</subfield>
    <subfield code="d">1881-1960</subfield>
    <subfield code="v">Correspondence.</subfield>
  </datafield>
  <datafield ind1="1" ind2="0" tag="600">
    <subfield code="a">Russell, Charles Edward,</subfield>
    <subfield code="d">1860-1941</subfield>
    <subfield code="v">Correspondence.</subfield>
  </datafield>
  <datafield ind1="1" ind2="0" tag="600">
    <subfield code="a">Scopes, John Thomas</subfield>
    <subfield code="x">Trials, litigation, etc.</subfield>
  </datafield>
  <datafield ind1="1" ind2="0" tag="600">
    <subfield code="a">White, Walter,</subfield>
    <subfield code="d">1893-1955</subfield>
    <subfield code="v">Correspondence.</subfield>
  </datafield>
  <datafield ind1="1" ind2="0" tag="600">
    <subfield code="a">Whitlock, Brand,</subfield>
    <subfield code="d">1869-1934</subfield>
    <subfield code="v">Correspondence.</subfield>
  </datafield>
  <datafield ind1="1" ind2="0" tag="610">
    <subfield code="a">United States.</subfield>
    <subfield code="b">Anthracite Coal Strike Commission.</subfield>
  </datafield>
  <datafield ind1=" " ind2="0" tag="650">
    <subfield code="a">American literature.</subfield>
  </datafield>
  <datafield ind1=" " ind2="0" tag="650">
    <subfield code="a">Anthracite Coal Strike, Pa., 1902.</subfield>
  </datafield>
  <datafield ind1=" " ind2="0" tag="650">
    <subfield code="a">Capital punishment.</subfield>
  </datafield>
  <datafield ind1=" " ind2="0" tag="650">
    <subfield code="a">Evolution (Biology)</subfield>
  </datafield>
  <datafield ind1=" " ind2="0" tag="650">
    <subfield code="a">Labor laws and legislation.</subfield>
  </datafield>
  <datafield ind1=" " ind2="0" tag="650">
    <subfield code="a">Practice of law</subfield>
    <subfield code="z">Illinois</subfield>
    <subfield code="z">Chicago.</subfield>
  </datafield>
  <datafield ind1=" " ind2="0" tag="650">
    <subfield code="a">Prohibition.</subfield>
  </datafield>
  <datafield ind1=" " ind2="0" tag="650">
    <subfield code="a">Religion.</subfield>
  </datafield>
  <datafield ind1=" " ind2="0" tag="650">
    <subfield code="a">Social problems.</subfield>
  </datafield>
  <datafield ind1=" " ind2="0" tag="650">
    <subfield code="a">Strikes and lockouts</subfield>
    <subfield code="x">Coal mining</subfield>
    <subfield code="z">Pennsylvania</subfield>
  </datafield>
  <datafield ind1=" " ind2="7" tag="655">
    <subfield code="a">Personal correspondence.</subfield>
    <subfield code="2">lcgft</subfield>
    <subfield code="0">https://id.loc.gov/authorities/genreForms/gf2014026141</subfield>
  </datafield>
  <datafield ind1=" " ind2="7" tag="656">
    <subfield code="a">Authors.</subfield>
    <subfield code="2">itoamc</subfield>
  </datafield>
  <datafield ind1=" " ind2="7" tag="656">
    <subfield code="a">Lecturers.</subfield>
    <subfield code="2">itoamc</subfield>
  </datafield>
  <datafield ind1=" " ind2="7" tag="656">
    <subfield code="a">Lawyers.</subfield>
    <subfield code="2">itoamc</subfield>
  </datafield>
  <datafield ind1=" " ind2="7" tag="656">
    <subfield code="a">Reformers.</subfield>
    <subfield code="2">itoamc</subfield>
  </datafield>
  <datafield ind1="1" ind2=" " tag="700">
    <subfield code="a">Stone, Irving,</subfield>
    <subfield code="d">1903-1989.</subfield>
    <subfield code="t">Irving Stone papers.</subfield>
  </datafield>
  <datafield ind1="1" ind2=" " tag="774">
    <subfield code="t">Visual materials from the Clarence Darrow papers</subfield>
    <subfield code="w">(DLC)2010650964</subfield>
  </datafield>
  <datafield ind1=" " ind2=" " tag="852">
    <subfield code="a">Library of Congress</subfield>
    <subfield code="b">Manuscript Division</subfield>
    <subfield code="e">Washington, D.C. 20540 USA</subfield>
    <subfield code="n">dcu</subfield>
    <subfield code="u">http://hdl.loc.gov/loc.mss/mss.home</subfield>
  </datafield>
  <datafield ind1="4" ind2="2" tag="856">
    <subfield code="3">Finding aid</subfield>
    <subfield code="u">http://hdl.loc.gov/loc.mss/eadmss.ms008099</subfield>
  </datafield>
  <datafield ind1="4" ind2="2" tag="856">
    <subfield code="3">Finding aid (PDF)</subfield>
    <subfield code="u">http://hdl.loc.gov/loc.mss/eadmss.ms008099.3</subfield>
  </datafield>
  <datafield ind1=" " ind2=" " tag="985">
    <subfield code="e">MSS.</subfield>
  </datafield>
  <datafield ind1=" " ind2=" " tag="985">
    <subfield code="a">mss/ead</subfield>
  </datafield>
</record>
